The Donghak Concept of God/heaven : (Record no. 607166)

MARC details
000 -LEADER
fixed length control field 00497nam a2200193 a 4500
008 - FIXED-LENGTH DATA ELEMENTS--GENERAL INFORMATION
fixed length control field 260104s2007##################000#0#eng##
020 ## - INTERNATIONAL STANDARD BOOK NUMBER
ISBN 9780820488219
082 04 - DEWEY DECIMAL CLASSIFICATION NUMBER
Classification number 299.57
Item number CHU
100 1# - MAIN ENTRY--AUTHOR NAME
Personal name Chung, Kiyul,
245 10 - TITLE STATEMENT
Title The Donghak Concept of God/heaven :
260 ## - PUBLICATION, DISTRIBUTION, ETC. (IMPRINT)
Name of publisher Peter Lang,
Year of publication 2007.
300 ## - PHYSICAL DESCRIPTION
Number of Pages 168 pages
650 #0 - SUBJECT ADDED ENTRY--TOPICAL TERM
Topical Term Philosophy.
942 ## - ADDED ENTRY ELEMENTS (KOHA)
Koha item type English Books
Holdings
Withdrawn status Lost status Damaged status Not for loan Home library Current library Shelving location Date acquired Full call number Accession Number Price effective from Koha item type
        Anna Centenary Library Anna Centenary Library 3RD FLOOR, B WING 05.01.2026 299.57 CHU 218395 05.01.2026 English Books

Find us on the map